| 000 | 00614nam a2200217 a 4500 | ||
|---|---|---|---|
| 005 | 20140310183157.0 | ||
| 008 | 021016s19uu xx 00 eng d | ||
| 020 | _a9814096830 | ||
| 050 |
_aQA 76.9.S88 _b.K45 2002 |
||
| 100 | _aKendall, Kenneth E. | ||
| 245 |
_aSystems analysis and design / _cKenneth E. Kendall. |
||
| 250 | _a5th ed. | ||
| 260 |
_aSingapore : _bPearson education, _c2002. |
||
| 300 |
_a885 p. : _bill. ; _c27 cm. |
||
| 521 | _aIT | ||
| 650 | _aSystem design | ||
| 650 | _aSystem analysis | ||
| 650 | _aSystem programming ( computer science ) | ||
| 942 |
_cBK _2lcc _kFOR |
||
| 999 |
_c19804 _d19804 |
||